00440nam a2200181Ia 4500003000400000005001700004008004100021020001800062040000700080041000800087082002200095100001800117245004200135250000600177260004500183300001700228365001300245OSt20230626143731.0210423s9999 xx 000 0 und d a9788120417328 cAL aeng a660.60581CHAH223 aCHAWLA (H S). aIntroduction to plant biotechnology . a3 aNew DelhibOxford University Pressc2011 axxix,698bPB b350cINR